Представление документа в формате MARC21

Поле Инд. ПП Название Значение
Тип записи a
Библиографический уровень b
001 Контрольный номер RU/IS/BASE/358352277
005 Дата корректировки 20240403144208.1
008 Кодируемые данные 20110510
040 b Код языка каталог. rus
e Правила каталог. PSBO
041 0_ a Код языка текста rus
084 a Индекс другой классификации/Индекс ББК 83.3(4Вел)6; 81.432.1-3-003
100 1_ a Автор Волкова С. Б.
q Полное имя Волкова Светлана Борисовна
245 10 a Заглавие Языковые средства выражения дихотомии "служба - служение" в историческом романе А. К. Дойла "THE WHITE COMPANY"
504 a Библиография Библиогр.: с. 86
520 0_ a Аннотация В данной статье представлены результаты исследования, задачей которого было определение места, которое занимает понятие "военная служба" в сложно-структурированном концепте "война", а также изучение концепта "military service" / "service" ("служба - служение"), как важнейшей составляющей языковой картины мира в художественном дискурсе. Методы, используемые в исследовании, включают анализ этимологии слова, анализ словарных дефиниций, контекстуальный анализ. Материалом для настоящего исследования послужил исторический роман о Столетней войне Артура Конан Дойла "The White Company", а также соответствующие статьи двуязычных, толковых словарей, словаря синонимов и этимологического словаря. Наиболее значимыми семантическими оппозициями оказались следующие: "war-peace", "love-hatred", "work-duty"
600 14 a Персоналии Дойл Артур Конан
650 14 a Основная рубрика английский язык
a Основная рубрика история литературы
a Основная рубрика лексикология
a Основная рубрика литературоведение
a Основная рубрика филологические науки
a Основная рубрика частное языкознание
a Основная рубрика языкознание
653 1_ a Ключевые слова "The White Company"
a Ключевые слова XX век
a Ключевые слова Великобритания
a Ключевые слова когнитивная лингвистика
a Ключевые слова концепт "service military"
a Ключевые слова концепт "военная служба"
a Ключевые слова концепт "война"
a Ключевые слова лексемы
a Ключевые слова лингвистические исследования
a Ключевые слова понятие "служба"
a Ключевые слова понятие "служение"
a Ключевые слова этимология слов
773 08 t Заглавие источника Вестник Московского университета. Серия 9, Филология
d Дата издания источника 2010
g Прочая информация № 5. - С. 80 - 86 : табл.
w Контрольный № источника RU/IS/BASE/354127374
901 t Тип документа b